Glass Houses - Bad Omens - Statistics

General Stats
  • This quiz has been taken 21 times
  • The average score is 285 of 358
Answer Stats
Answer % Correct
I
100%
see
100%
you
100%
You
100%
a
92%
are
92%
devil
92%
god
92%
know
92%
more
92%
than
92%
the
92%
through
92%
what
92%
your
92%
and
85%
have
85%
is
85%
on
85%
say
85%
black
77%
blame
77%
call
77%
I'm
77%
in
77%
me
77%
no
77%
not
77%
one
77%
out
77%
to
77%
when
77%
white
77%
world
77%
back
69%
but
69%
But
69%
by
69%
choke
69%
deep
69%
enough
69%
every
69%
fucking
69%
got
69%
hope
69%
I've
69%
my
69%
names
69%
neck
69%
scared
69%
seen
69%
some
69%
stabbed
69%
This
69%
where
69%
word
69%
yourself
69%
You've
69%
you've
69%
about
62%
belong
62%
Cause
62%
eyes
62%
face
62%
fall
62%
gonna
62%
has
62%
he
62%
I'd
62%
it
62%
lights
62%
make
62%
mistake
62%
never
62%
nothing
62%
now
62%
place
62%
put
62%
right
62%
said
62%
shut
62%
under
62%
always
54%
because
54%
color
54%
Cover
54%
drop
54%
ears
54%
night
54%
ruin
54%
true
54%
fades
46%
luck
46%
of
46%
run
46%
bluff
38%
calling
38%
dug
31%
grave
31%
No matching quizzes found
Score Distribution
Percent of People with Each Score
Percentile by Number Answered
Your Score History
You have not taken this quiz